Wood, Richard, aviation safety programs a management

Saved in:
Bibliographic Details
Main Author: Aero
Format: Book
Published: MCG
Edition:3rd ed
Tags: Add Tag
No Tags, Be the first to tag this record!
Call Number :

MARC

LEADER 00000pam a2200000 4500
001 20661
003 MY-KLNDU
005 20241218080502.0
020 0 0 |a 9780884873297 
035 |a 0000032343 
039 9 |a 200911181125  |b VLOAD  |y 200910091656  |z VLOAD 
100 0 0 |a Aero 
245 0 0 |a Wood, Richard, aviation safety programs a management 
250 0 0 |a 3rd ed 
260 0 0 |a MCG 
591 |a 0000002940  |b 05/08/08  |c 0200-07  |d 1  |e RM807.6  |f 1  |g 807.6  |h Pustaka Darul Warisan Sdn. Bhd. 
999 |a vtls000030076  |c 20661  |d 20661